The Association of Commonwealth Universities bulletin (Record no. 84427)
[ view plain ]
| 000 -LEADER | |
|---|---|
| fixed length control field | 01077nam a2200217 a 4500 |
| 008 - FIXED-LENGTH DATA ELEMENTS--GENERAL INFORMATION | |
| fixed length control field | 120416s2003 ||||||||||||||||| || u |
| 050 ## - LIBRARY OF CONGRESS CALL NUMBER | |
| Classification number | ACU(05)B/2003/154 |
| 110 ## - MAIN ENTRY--CORPORATE NAME | |
| Corporate name or jurisdiction name as entry element | Association of Commonwealth Universities |
| 245 14 - TITLE STATEMENT | |
| Title | The Association of Commonwealth Universities bulletin |
| Statement of responsibility, etc. | The Association of Commonwealth Universities |
| 246 ## - | |
| -- | A.C.U. bulletin of current documentation |
| 260 ## - PUBLICATION, DISTRIBUTION, ETC. | |
| Place of publication, distribution, etc. | London: |
| Name of publisher, distributor, etc. | ACU |
| Date of publication, distribution, etc. | 2003 |
| 300 ## - PHYSICAL DESCRIPTION | |
| Extent | 34p.: ill. |
| 350 ## - | |
| -- | 0.00 |
| 362 1# - | |
| -- | No.154, To merge or not to merge? That seems to be the question; No.155; Forging the links |
| 650 ## - SUBJECT ADDED ENTRY--TOPICAL TERM | |
| Topical term or geographic name entry element | COMMONWEALTH UNIVERSITIES--PERIODICALS |
| 650 ## - SUBJECT ADDED ENTRY--TOPICAL TERM | |
| Topical term or geographic name entry element | MANAGEMENT INFORMATION SYSTEMS |
| 780 ## - | |
| -- | A.C.U. bulletin of current documentation |
| 785 ## - | |
| -- | ACU Bulletin |
| 995 ## - | |
| -- | SPECIAL COLLECTIONS |
| -- | 0.00 |
| -- | 03004608 |
| -- | CBU-MAIN LIBRARY (Kitwe) |
| -- | 1 |
| -- | 0.00 |
| -- | ACU(05)B/2003/154 |
| -- | 1 |
| -- | AVAILABLE |
| -- | Oct 5, 2009 |
| -- | 03004608 |
| -- | International Publications |
| 995 ## - | |
| -- | SPECIAL COLLECTIONS |
| -- | 2125 |
| -- | CBU-MAIN LIBRARY (Kitwe) |
| -- | 0.00 |
| -- | ACU(05)B/2003/155 |
| -- | 2 |
| -- | AVAILABLE |
| -- | Feb 11, 2016 |
| -- | B2125 |
| -- | International Publications |
| 999 ## - | |
| -- | 84427 |
| -- | 84427 |
| Withdrawn status | Lost status | Source of classification or shelving scheme | Damaged status | Not for loan | Permanent Location | Current Location | Shelving location | Date acquired | Total Checkouts | Full call number | Barcode | Date last seen | Copy number | Price effective from | Koha item type |
|---|---|---|---|---|---|---|---|---|---|---|---|---|---|---|---|
| CBU-MAIN LIBRARY, KITWE. | CBU-MAIN LIBRARY, KITWE. | 01/25/2024 | ACU(05)B/2003/154 | 03004608 | 01/25/2024 | 1 | 01/25/2024 | SPECIAL COLLECTION | |||||||
| CBU-MAIN LIBRARY, KITWE. | CBU-MAIN LIBRARY, KITWE. | 01/25/2024 | ACU(05)B/2003/155 | B2125 | 01/25/2024 | 2 | 01/25/2024 | SPECIAL COLLECTION |